| 000 | 00594nam a2200169 4500 | ||
|---|---|---|---|
| 001 | 108632 | ||
| 003 | ES-MaACL | ||
| 005 | 20230906184657.0 | ||
| 007 | t| | ||
| 008 | 061121s1969 sp r ||||1| spa d | ||
| 100 | 1 |
_aMontgomery, Robert Law, Viscount of Alamein. _982635 |
|
| 245 | 1 | 0 |
_aHistoria del arte de la guerra / _cMariscal Montgomery, Vizconde de Alamein ; traducción de Juan García-Puente. |
| 260 |
_aMadrid : _bAguilar, _c1969. |
||
| 300 |
_a593 p. con 18 lám + 16 lám. col. : _bil ; _c26 cm. |
||
| 700 | 1 |
_aGarcía-Puente, Juan. _955139 |
|
| 852 |
_aES-MaACL _jC-37424 _bR.71194 |
||
| 999 |
_c108632 _d108632 |
||